[Event "DEM U10w 2024"]
[Site "Willingen GER"]
[Date "2024.05.24"]
[Round "10"]
[White "Elsayed Esam, Sally"]
[Black "Ruddat, Maila"]
[Result "1-0"]
[Termination "normal"]
[Board "6"]
[WhiteElo "1584"]
[BlackElo "1522"]
[WhiteClock "00:10:15"]
[BlackClock "00:09:57"]
[PlyCount "131"]
[WhiteFideId "34662170"]
[BlackFideId "34628100"]
[EventCountry "GER"]
[EventRounds "11"]
[EventType "swiss"]
[EventDate "2024.05.18"]

1. d4 {[%clk 01:15:54]} {[%emt 00:00:06]} d5 {[%clk 01:15:21]} {[%emt
00:00:39]} 2. g3 {[%clk 01:16:02]} {[%emt 00:00:23]} Nf6 {[%clk 01:15:10]}
{[%emt 00:00:40]} 3. Bg2 {[%clk 01:16:17]} {[%emt 00:00:15]} Bf5 {[%clk
01:13:56]} {[%emt 00:01:44]} 4. Nf3 {[%clk 01:16:18]} {[%emt 00:00:30]} Nbd7
{[%clk 01:10:57]} {[%emt 00:03:30]} 5. b3 {[%clk 01:16:04]} {[%emt 00:00:44]}
e6 {[%clk 01:09:57]} {[%emt 00:01:29]} 6. O-O {[%clk 01:16:21]} {[%emt
00:00:13]} Be7 {[%clk 01:10:01]} {[%emt 00:00:25]} 7. Bb2 {[%clk 01:16:33]}
{[%emt 00:00:20]} O-O {[%clk 01:10:11]} {[%emt 00:00:19]} 8. e3 {[%clk
01:16:21]} {[%emt 00:00:43]} c6 {[%clk 01:07:50]} {[%emt 00:02:50]} 9. Nbd2
{[%clk 01:16:34]} {[%emt 00:00:17]} Qb6 {[%clk 01:05:06]} {[%emt 00:03:15]} 10.
c4 {[%clk 01:16:15]} {[%emt 00:00:49]} Rac8 {[%clk 00:59:42]} {[%emt 00:05:54]}
11. Re1 {[%clk 01:12:09]} {[%emt 00:04:35]} Rfe8 {[%clk 00:54:30]} {[%emt
00:05:42]} 12. Rc1 {[%clk 01:05:58]} {[%emt 00:06:41]} c5 {[%clk 00:52:26]}
{[%emt 00:02:34]} 13. cxd5 {[%clk 01:02:54]} {[%emt 00:03:35]} exd5 {[%clk
00:51:44]} {[%emt 00:01:12]} 14. Nh4 {[%clk 01:00:42]} {[%emt 00:02:42]} Bg4
{[%clk 00:49:30]} {[%emt 00:02:43]} 15. Qc2 {[%clk 00:59:40]} {[%emt 00:01:33]}
Bd6 {[%clk 00:46:28]} {[%emt 00:03:29]} 16. dxc5 {[%clk 00:54:18]} {[%emt
00:05:56]} Bxc5 {[%clk 00:44:12]} {[%emt 00:02:43]} 17. Qb1 {[%clk 00:51:33]}
{[%emt 00:03:18]} Bb4 {[%clk 00:40:53]} {[%emt 00:03:48]} 18. Rc2 {[%clk
00:45:18]} {[%emt 00:06:44]} Qa5 {[%clk 00:36:18]} {[%emt 00:05:06]} 19. Bc1
{[%clk 00:40:48]} {[%emt 00:05:00]} Ne4 {[%clk 00:33:51]} {[%emt 00:02:54]} 20.
Bxe4 {[%clk 00:40:11]} {[%emt 00:01:10]} dxe4 {[%clk 00:33:25]} {[%emt
00:00:56]} 21. a3 {[%clk 00:34:24]} {[%emt 00:06:19]} Rxc2 {[%clk 00:30:22]}
{[%emt 00:03:32]} 22. Qxc2 {[%clk 00:34:23]} {[%emt 00:00:30]} Bxa3 {[%clk
00:29:37]} {[%emt 00:01:16]} 23. Bxa3 {[%clk 00:34:41]} {[%emt 00:00:12]} Qxa3
{[%clk 00:29:31]} {[%emt 00:00:37]} 24. Nxe4 {[%clk 00:34:33]} {[%emt
00:00:38]} Qb4 {[%clk 00:26:42]} {[%emt 00:03:17]} 25. Nd2 {[%clk 00:29:50]}
{[%emt 00:05:14]} Nf6 {[%clk 00:24:42]} {[%emt 00:02:29]} 26. Rc1 {[%clk
00:28:39]} {[%emt 00:01:43]} g6 {[%clk 00:23:11]} {[%emt 00:02:00]} 27. Nhf3
{[%clk 00:21:29]} {[%emt 00:07:41]} Rc8 {[%clk 00:22:29]} {[%emt 00:01:11]} 28.
Qb2 {[%clk 00:21:07]} {[%emt 00:00:52]} Rxc1+ {[%clk 00:22:15]} {[%emt
00:00:45]} 29. Qxc1 {[%clk 00:20:33]} {[%emt 00:01:04]} Bxf3 {[%clk 00:22:10]}
{[%emt 00:00:34]} 30. Nxf3 {[%clk 00:20:11]} {[%emt 00:00:52]} Qxb3 {[%clk
00:22:17]} {[%emt 00:00:23]} 31. Qc8+ {[%clk 00:19:05]} {[%emt 00:01:36]} Kg7
{[%clk 00:22:24]} {[%emt 00:00:23]} 32. Nd4 {[%clk 00:18:09]} {[%emt 00:01:25]}
Qb1+ {[%clk 00:21:55]} {[%emt 00:00:59]} 33. Kg2 {[%emt 00:00:22]} b5 {[%clk
00:21:38]} {[%emt 00:00:44]} 34. Qb7 {[%clk 00:17:23]} {[%emt 00:01:27]} Qe4+
{[%clk 00:20:24]} {[%emt 00:01:45]} 35. Qxe4 {[%clk 00:16:33]} {[%emt
00:01:21]} Nxe4 {[%clk 00:20:31]} {[%emt 00:00:23]} 36. Nxb5 {[%clk 00:16:39]}
{[%emt 00:00:24]} a5 {[%clk 00:20:32]} {[%emt 00:00:28]} 37. Kf3 {[%clk
00:16:25]} {[%emt 00:00:45]} f5 {[%clk 00:20:26]} {[%emt 00:00:35]} 38. Ke2
{[%clk 00:16:39]} {[%emt 00:00:16]} Kf7 {[%clk 00:20:20]} {[%emt 00:00:36]} 39.
f3 {[%clk 00:16:40]} {[%emt 00:00:28]} Nc5 {[%clk 00:20:31]} {[%emt 00:00:19]}
40. Kd2 {[%clk 00:16:46]} {[%emt 00:00:26]} Ke7 {[%clk 00:20:49]} {[%emt
00:00:12]} 41. Kc3 {[%clk 00:16:48]} {[%emt 00:00:27]} Kd7 {[%clk 00:20:49]}
{[%emt 00:00:30]} 42. Kc4 {[%clk 00:16:32]} {[%emt 00:00:47]} Kc6 {[%clk
00:20:42]} {[%emt 00:00:35]} 43. h3 {[%clk 00:15:32]} {[%emt 00:01:32]} Ne6
{[%clk 00:18:18]} {[%emt 00:02:52]} 44. f4 {[%clk 00:13:30]} {[%emt 00:02:34]}
Nc5 {[%clk 00:15:05]} {[%emt 00:03:41]} 45. Nc3 {[%clk 00:12:14]} {[%emt
00:01:49]} Ne4 {[%clk 00:14:00]} {[%emt 00:01:34]} 46. Nxe4 {[%clk 00:12:29]}
{[%emt 00:00:15]} fxe4 {[%clk 00:14:12]} {[%emt 00:00:19]} 47. g4 {[%clk
00:12:09]} {[%emt 00:00:50]} a4 {[%clk 00:14:15]} {[%emt 00:00:26]} 48. Kb4
{[%clk 00:12:27]} {[%emt 00:00:12]} Kd5 {[%clk 00:13:54]} {[%emt 00:00:50]} 49.
h4 {[%clk 00:12:23]} {[%emt 00:00:36]} a3 {[%clk 00:14:12]} {[%emt 00:00:12]}
50. Kxa3 {[%clk 00:12:39]} {[%emt 00:00:14]} Kc4 {[%clk 00:14:27]} {[%emt
00:00:14]} 51. Kb2 {[%clk 00:11:38]} {[%emt 00:01:32]} Kd3 {[%clk 00:14:07]}
{[%emt 00:00:48]} 52. f5 {[%clk 00:11:37]} {[%emt 00:00:32]} gxf5 {[%clk
00:13:58]} {[%emt 00:00:39]} 53. gxf5 {[%clk 00:11:55]} {[%emt 00:00:12]} Kxe3
{[%clk 00:14:09]} {[%emt 00:00:19]} 54. f6 {[%clk 00:12:18]} {[%emt 00:00:07]}
Kd2 {[%clk 00:14:02]} {[%emt 00:00:37]} 55. f7 {[%clk 00:08:54]} {[%emt
00:03:54]} e3 {[%clk 00:13:55]} {[%emt 00:00:38]} 56. f8=Q {[%clk 00:09:09]}
{[%emt 00:00:14]} e2 {[%clk 00:14:08]} {[%emt 00:00:17]} 57. Qd6 {[%clk
00:09:22]} {[%emt 00:00:17]} Ke3 {[%clk 00:13:43]} {[%emt 00:00:54]} 58. Qc5+
{[%clk 00:09:15]} {[%emt 00:00:38]} Kd2 {[%clk 00:13:13]} {[%emt 00:00:57]} 59.
Qd4 {[%clk 00:09:20]} {[%emt 00:00:29]} Ke1 {[%clk 00:13:22]} {[%emt 00:00:19]}
60. Kc2 {[%clk 00:09:34]} {[%emt 00:00:18]} Kf1 {[%clk 00:13:30]} {[%emt
00:00:20]} 61. Qf4+ {[%clk 00:08:58]} {[%emt 00:01:06]} Kg1 {[%clk 00:11:58]}
{[%emt 00:02:02]} 62. Kd2 {[%clk 00:09:12]} {[%emt 00:00:17]} h5 {[%clk
00:09:53]} {[%emt 00:02:36]} 63. Kxe2 {[%clk 00:09:33]} {[%emt 00:00:09]} Kh1
{[%clk 00:09:56]} {[%emt 00:00:24]} 64. Qd2 {[%clk 00:09:38]} {[%emt 00:00:28]}
Kg1 {[%clk 00:10:04]} {[%emt 00:00:21]} 65. Kf3 {[%clk 00:10:00]} {[%emt
00:00:09]} Kh1 {[%clk 00:09:57]} {[%emt 00:00:36]} 66. Qg2# {[%clk 00:10:15]}
{[%emt 00:00:15]} 1-0

[Event "DEM U10w 2024"]
[Site "Willingen GER"]
[Date "2024.05.24"]
[Round "10"]
[White "Mudriievskaya, Esther"]
[Black "Kühn, Nicole"]
[Result "0-1"]
[Termination "normal"]
[Board "7"]
[WhiteElo "1495"]
[BlackElo "1477"]
[WhiteClock "00:16:50"]
[BlackClock "00:13:19"]
[PlyCount "138"]
[WhiteFideId "34676465"]
[BlackFideId "34610510"]
[EventCountry "GER"]
[EventRounds "11"]
[EventType "swiss"]
[EventDate "2024.05.18"]

1. e4 {[%clk 01:15:54]} {[%emt 00:00:05]} e5 {[%clk 01:15:28]} {[%emt
00:00:33]} 2. Nf3 {[%clk 01:16:07]} {[%emt 00:00:17]} Nc6 {[%clk 01:14:58]}
{[%emt 00:01:00]} 3. d4 {[%clk 01:16:12]} {[%emt 00:00:25]} exd4 {[%clk
01:14:48]} {[%emt 00:00:39]} 4. Bc4 {[%clk 01:16:02]} {[%emt 00:00:40]} Nf6
{[%clk 01:14:27]} {[%emt 00:00:52]} 5. O-O {[%clk 01:15:23]} {[%emt 00:01:09]}
Nxe4 {[%clk 01:13:23]} {[%emt 00:01:35]} 6. Re1 {[%clk 01:15:14]} {[%emt
00:00:37]} d5 {[%clk 01:12:32]} {[%emt 00:01:23]} 7. Bxd5 {[%clk 01:14:49]}
{[%emt 00:00:55]} Qxd5 {[%clk 01:08:24]} {[%emt 00:04:38]} 8. Nc3 {[%clk
01:14:21]} {[%emt 00:00:58]} Qd8 {[%clk 01:07:29]} {[%emt 00:01:25]} 9. Nxe4
{[%clk 01:14:09]} {[%emt 00:00:41]} Be7 {[%clk 01:05:47]} {[%emt 00:02:13]} 10.
Bf4 {[%clk 01:11:03]} {[%emt 00:03:34]} O-O {[%clk 01:04:12]} {[%emt 00:02:06]}
11. Neg5 {[%clk 01:06:56]} {[%emt 00:04:37]} h6 {[%clk 01:01:31]} {[%emt
00:03:11]} 12. Ne4 {[%clk 01:05:35]} {[%emt 00:01:49]} Bg4 {[%clk 00:59:32]}
{[%emt 00:02:31]} 13. h3 {[%clk 01:02:13]} {[%emt 00:03:52]} Bh5 {[%clk
00:57:43]} {[%emt 00:02:20]} 14. Ng3 {[%clk 01:00:24]} {[%emt 00:02:19]} Bg6
{[%clk 00:57:02]} {[%emt 00:01:11]} 15. Qd2 {[%clk 00:57:14]} {[%emt 00:03:35]}
Bb4 {[%clk 00:52:36]} {[%emt 00:05:00]} 16. c3 {[%clk 00:56:27]} {[%emt
00:01:17]} dxc3 {[%clk 00:51:54]} {[%emt 00:01:13]} 17. bxc3 {[%clk 00:56:10]}
{[%emt 00:00:46]} Qxd2 {[%clk 00:50:52]} {[%emt 00:01:33]} 18. Bxd2 {[%clk
00:56:05]} {[%emt 00:00:35]} Ba3 {[%clk 00:49:31]} {[%emt 00:01:52]} 19. Re2
{[%clk 00:48:04]} {[%emt 00:08:30]} Bc5 {[%clk 00:44:47]} {[%emt 00:05:15]} 20.
Be3 {[%clk 00:46:02]} {[%emt 00:02:26]} Bd6 {[%clk 00:42:51]} {[%emt 00:02:29]}
21. Rae1 {[%clk 00:44:57]} {[%emt 00:01:32]} Ne7 {[%clk 00:40:01]} {[%emt
00:03:25]} 22. Rd1 {[%clk 00:42:07]} {[%emt 00:03:17]} Nf5 {[%clk 00:38:25]}
{[%emt 00:02:09]} 23. Ne4 {[%clk 00:40:22]} {[%emt 00:02:15]} Nxe3 {[%clk
00:37:52]} {[%emt 00:01:04]} 24. Rxe3 {[%clk 00:40:21]} {[%emt 00:00:29]} Bf4
{[%clk 00:35:46]} {[%emt 00:02:36]} 25. Re2 {[%clk 00:38:29]} {[%emt 00:02:20]}
Rfe8 {[%clk 00:31:52]} {[%emt 00:04:28]} 26. Rde1 {[%clk 00:36:48]} {[%emt
00:02:07]} Rad8 {[%clk 00:28:55]} {[%emt 00:03:31]} 27. Nf6+ {[%clk 00:36:15]}
{[%emt 00:01:03]} gxf6 {[%clk 00:28:37]} {[%emt 00:00:48]} 28. Rxe8+ {[%clk
00:36:22]} {[%emt 00:00:24]} Rxe8 {[%clk 00:28:58]} {[%emt 00:00:09]} 29. Rxe8+
{[%clk 00:36:44]} {[%emt 00:00:07]} Kg7 {[%clk 00:29:04]} {[%emt 00:00:24]} 30.
Nh4 {[%clk 00:31:21]} {[%emt 00:05:53]} Bb1 {[%clk 00:28:39]} {[%emt 00:00:52]}
31. a4 {[%clk 00:29:18]} {[%emt 00:02:35]} Bc2 {[%clk 00:28:31]} {[%emt
00:00:38]} 32. Ra8 {[%clk 00:28:31]} {[%emt 00:01:18]} a6 {[%clk 00:28:31]}
{[%emt 00:00:30]} 33. g4 {[%clk 00:27:17]} {[%emt 00:01:42]} Bxa4 {[%clk
00:26:19]} {[%emt 00:02:45]} 34. Nf5+ {[%clk 00:27:09]} {[%emt 00:00:37]} Kh7
{[%clk 00:26:03]} {[%emt 00:00:46]} 35. Rf8 {[%clk 00:26:06]} {[%emt 00:01:30]}
Bb3 {[%clk 00:25:49]} {[%emt 00:00:47]} 36. Re8 {[%clk 00:24:33]} {[%emt
00:02:02]} a5 {[%clk 00:25:15]} {[%emt 00:01:06]} 37. Re4 {[%clk 00:23:11]}
{[%emt 00:01:46]} Bc1 {[%clk 00:20:40]} {[%emt 00:05:11]} 38. f4 {[%clk
00:20:22]} {[%emt 00:03:19]} a4 {[%clk 00:19:26]} {[%emt 00:01:45]} 39. h4
{[%clk 00:19:11]} {[%emt 00:01:40]} a3 {[%clk 00:18:19]} {[%emt 00:01:37]} 40.
Re1 {[%clk 00:19:03]} {[%emt 00:00:36]} Bd2 {[%clk 00:17:57]} {[%emt 00:00:52]}
41. Ra1 {[%clk 00:18:53]} {[%emt 00:00:40]} a2 {[%clk 00:17:06]} {[%emt
00:01:21]} 42. Nd4 {[%clk 00:17:49]} {[%emt 00:01:34]} Bc4 {[%clk 00:14:59]}
{[%emt 00:02:36]} 43. Nc2 {[%clk 00:17:22]} {[%emt 00:00:59]} Bxc3 {[%clk
00:14:32]} {[%emt 00:00:56]} 44. Rc1 {[%clk 00:17:10]} {[%emt 00:00:38]} Bb2
{[%clk 00:13:14]} {[%emt 00:01:53]} 45. Re1 {[%clk 00:17:11]} {[%emt 00:00:23]}
Bc3 {[%clk 00:12:53]} {[%emt 00:00:52]} 46. Rd1 {[%clk 00:17:10]} {[%emt
00:00:34]} Bb3 {[%clk 00:12:49]} {[%emt 00:00:35]} 47. Ra1 {[%clk 00:15:10]}
{[%emt 00:02:30]} Bxa1 {[%clk 00:12:33]} {[%emt 00:00:46]} 48. Nxa1 {[%clk
00:15:28]} {[%emt 00:00:11]} Bd5 {[%clk 00:12:34]} {[%emt 00:00:30]} 49. Kf2
{[%clk 00:15:39]} {[%emt 00:00:19]} Kg6 {[%clk 00:11:28]} {[%emt 00:01:35]} 50.
Ke3 {[%clk 00:15:56]} {[%emt 00:00:12]} f5 {[%clk 00:11:22]} {[%emt 00:00:37]}
51. g5 {[%clk 00:15:59]} {[%emt 00:00:28]} hxg5 {[%clk 00:11:10]} {[%emt
00:00:41]} 52. hxg5 {[%clk 00:16:18]} {[%emt 00:00:10]} f6 {[%clk 00:11:13]}
{[%emt 00:00:28]} 53. gxf6 {[%clk 00:16:36]} {[%emt 00:00:12]} Kxf6 {[%clk
00:11:35]} {[%emt 00:00:09]} 54. Kd4 {[%clk 00:16:53]} {[%emt 00:00:13]} Be4
{[%clk 00:11:32]} {[%emt 00:00:33]} 55. Kc3 {[%clk 00:17:02]} {[%emt 00:00:21]}
Kg6 {[%clk 00:11:38]} {[%emt 00:00:24]} 56. Kb2 {[%clk 00:17:19]} {[%emt
00:00:13]} Bd5 {[%clk 00:11:44]} {[%emt 00:00:25]} 57. Nc2 {[%clk 00:17:35]}
{[%emt 00:00:12]} Kh5 {[%clk 00:10:39]} {[%emt 00:01:35]} 58. Ne3 {[%clk
00:17:48]} {[%emt 00:00:14]} Be6 {[%clk 00:10:36]} {[%emt 00:00:33]} 59. Ka1
{[%clk 00:17:28]} {[%emt 00:00:52]} Kh4 {[%clk 00:10:51]} {[%emt 00:00:15]} 60.
Ng2+ {[%clk 00:17:10]} {[%emt 00:00:49]} Kg3 {[%clk 00:11:10]} {[%emt
00:00:12]} 61. Ne1 {[%clk 00:17:03]} {[%emt 00:00:35]} Kxf4 {[%clk 00:11:11]}
{[%emt 00:00:30]} 62. Nd3+ {[%clk 00:17:20]} {[%emt 00:00:12]} Ke3 {[%clk
00:11:10]} {[%emt 00:00:32]} 63. Nc5 {[%clk 00:17:34]} {[%emt 00:00:16]} Bg8
{[%clk 00:11:27]} {[%emt 00:00:11]} 64. Nxb7 {[%clk 00:17:57]} {[%emt
00:00:09]} f4 {[%clk 00:11:49]} {[%emt 00:00:08]} 65. Nc5 {[%clk 00:18:10]}
{[%emt 00:00:17]} f3 {[%clk 00:12:02]} {[%emt 00:00:17]} 66. Nd3 {[%clk
00:18:17]} {[%emt 00:00:22]} Kxd3 {[%clk 00:12:17]} {[%emt 00:00:15]} 67. Kb2
{[%clk 00:18:11]} {[%emt 00:00:36]} f2 {[%clk 00:12:39]} {[%emt 00:00:08]} 68.
Ka1 {[%clk 00:17:24]} {[%emt 00:01:17]} f1=Q+ {[%clk 00:13:02]} {[%emt
00:00:08]} 69. Kb2 {[%clk 00:16:50]} {[%emt 00:01:04]} a1=Q# {[%clk 00:13:19]}
{[%emt 00:00:13]} 0-1

[Event "DEM U10w 2024"]
[Site "Willingen GER"]
[Date "2024.05.24"]
[Round "10"]
[White "Preißler, Enie"]
[Black "Xu, Dorothea Sicheng"]
[Result "0-1"]
[Termination "normal"]
[Board "8"]
[WhiteElo "1019"]
[BlackElo "1255"]
[WhiteClock "00:01:11"]
[BlackClock "00:08:20"]
[PlyCount "74"]
[BlackFideId "34667539"]
[EventCountry "GER"]
[EventRounds "11"]
[EventType "swiss"]
[EventDate "2024.05.18"]

1. d4 {[%clk 01:15:58]} {[%emt 00:00:01]} d5 {[%clk 01:15:56]} {[%emt
00:00:05]} 2. Bf4 {[%clk 01:16:08]} {[%emt 00:00:20]} Nf6 {[%clk 01:16:15]}
{[%emt 00:00:11]} 3. e3 {[%clk 01:15:43]} {[%emt 00:00:55]} c5 {[%clk
01:16:26]} {[%emt 00:00:19]} 4. c3 {[%clk 01:15:28]} {[%emt 00:00:46]} e6
{[%clk 01:16:47]} {[%emt 00:00:08]} 5. Nf3 {[%clk 01:13:05]} {[%emt 00:02:53]}
Nc6 {[%clk 01:16:25]} {[%emt 00:00:52]} 6. h3 {[%clk 01:11:17]} {[%emt
00:02:18]} Bd6 {[%clk 01:16:19]} {[%emt 00:00:37]} 7. Bh2 {[%clk 01:04:42]}
{[%emt 00:07:04]} O-O {[%clk 01:16:26]} {[%emt 00:00:23]} 8. Nbd2 {[%clk
01:01:20]} {[%emt 00:03:52]} Re8 {[%clk 01:15:12]} {[%emt 00:01:44]} 9. Be2
{[%clk 00:59:45]} {[%emt 00:02:05]} e5 {[%clk 01:14:18]} {[%emt 00:01:24]} 10.
g3 {[%clk 00:53:31]} {[%emt 00:06:44]} Bxh3 {[%clk 01:12:17]} {[%emt 00:02:30]}
11. Qc2 {[%clk 00:51:11]} {[%emt 00:02:50]} h6 {[%clk 01:06:14]} {[%emt
00:06:33]} 12. dxe5 {[%clk 00:45:08]} {[%emt 00:06:33]} Nxe5 {[%clk 01:05:28]}
{[%emt 00:01:16]} 13. Nxe5 {[%clk 00:30:44]} {[%emt 00:14:54]} Rxe5 {[%clk
01:05:07]} {[%emt 00:00:51]} 14. O-O-O {[%clk 00:28:27]} {[%emt 00:02:48]} Qd7
{[%clk 00:59:09]} {[%emt 00:06:27]} 15. g4 {[%clk 00:22:26]} {[%emt 00:06:30]}
Bg2 {[%clk 00:45:12]} {[%emt 00:14:28]} 16. Rhg1 {[%clk 00:22:10]} {[%emt
00:00:46]} Be4 {[%clk 00:44:47]} {[%emt 00:00:53]} 17. Nxe4 {[%clk 00:22:27]}
{[%emt 00:00:14]} Rxe4 {[%clk 00:43:38]} {[%emt 00:01:40]} 18. Bxd6 {[%clk
00:22:31]} {[%emt 00:00:26]} Qxd6 {[%clk 00:43:52]} {[%emt 00:00:15]} 19. f3
{[%clk 00:21:30]} {[%emt 00:01:31]} Rxe3 {[%clk 00:42:06]} {[%emt 00:02:17]}
20. Rge1 {[%clk 00:18:35]} {[%emt 00:03:23]} Rae8 {[%clk 00:34:08]} {[%emt
00:08:28]} 21. Rd2 {[%clk 00:17:30]} {[%emt 00:01:35]} Rxf3 {[%clk 00:23:15]}
{[%emt 00:11:24]} 22. Kd1 {[%clk 00:15:23]} {[%emt 00:02:36]} Rfe3 {[%clk
00:21:11]} {[%emt 00:02:34]} 23. Rg1 {[%clk 00:10:50]} {[%emt 00:05:02]} Qe6
{[%clk 00:17:32]} {[%emt 00:04:10]} 24. Rg2 {[%clk 00:06:03]} {[%emt 00:05:19]}
Nxg4 {[%clk 00:14:16]} {[%emt 00:03:46]} 25. Kc1 {[%clk 00:04:45]} {[%emt
00:01:48]} Nf6 {[%clk 00:12:07]} {[%emt 00:02:38]} 26. Qd1 {[%clk 00:03:46]}
{[%emt 00:01:29]} d4 {[%clk 00:08:24]} {[%emt 00:04:13]} 27. cxd4 {[%clk
00:03:38]} {[%emt 00:00:39]} cxd4 {[%clk 00:08:40]} {[%emt 00:00:14]} 28. Qc2
{[%clk 00:03:17]} {[%emt 00:00:51]} Rc8 {[%clk 00:08:47]} {[%emt 00:00:22]} 29.
Qxc8+ {[%clk 00:03:29]} {[%emt 00:00:18]} Qxc8+ {[%clk 00:08:59]} {[%emt
00:00:19]} 30. Rc2 {[%clk 00:02:53]} {[%emt 00:01:05]} Qh3 {[%clk 00:07:46]}
{[%emt 00:01:41]} 31. Rg1 {[%clk 00:03:13]} {[%emt 00:00:11]} d3 {[%clk
00:07:23]} {[%emt 00:00:54]} 32. Rc8+ {[%clk 00:03:33]} {[%emt 00:00:09]} Qxc8+
{[%clk 00:07:41]} {[%emt 00:00:12]} 33. Kb1 {[%clk 00:01:18]} {[%emt 00:02:45]}
Qc2+ {[%clk 00:07:23]} {[%emt 00:00:47]} 34. Ka1 {[%clk 00:01:41]} {[%emt
00:00:09]} dxe2 {[%clk 00:07:36]} {[%emt 00:00:17]} 35. a3 {[%clk 00:00:49]}
{[%emt 00:01:22]} e1=Q+ {[%clk 00:07:55]} {[%emt 00:00:10]} 36. Rxe1 {[%clk
00:01:11]} {[%emt 00:00:07]} Rxe1+ {[%clk 00:08:20]} {[%emt 00:00:06]} 37. Ka2
{[%emt 00:00:20]} Qc4+ {[%emt 00:01:34]} 0-1